Statistiques concernant Pays européens qui ne sont pas dans l'OTAN

Cliquez ici pour prendre le quiz!

Statistiques générales

  • Ce quiz a été pris 7 237 fois
  • Le résultat moyen est 11 sur 16

Statistiques - réponses

Pays% Correct
Ukraine
85%
Biélorussie
80%
Russie
80%
Suisse
80%
Andorre
78%
Vatican
76%
Monaco
72%
Serbie
72%
Saint-Marin
71%
Kosovo
69%
Liechtenstein
68%
Moldavie
68%
Malte
63%
Bosnie-Herzégovine
60%
Irlande
53%
Autriche
51%

Distribution des résultats

Percentile par nombre de réponses

% des personnes avec chaque résultat

Votre développement - résultats

Vous n’avez pas pris ce quiz